Species of Monotremes - Statistics

General Stats
  • This quiz has been taken 28 times
  • The average score is 2 of 5
Answer Stats
Monotremes % Correct
Duck-billed Platypus
95%
Short-beaked Echidna
30%
Western Long-beaked Echidna
20%
Eastern Long-beaked Echidna
10%
Sir David's Long-beaked Echidna
10%
No matching quizzes found
Score Distribution
Percent of People with Each Score
Percentile by Number Answered
Your Score History
You have not taken this quiz